Central Library OPAC University of Rajshahi

আলো্কিত মুখচ্ছবি / (Record no. 74262)

MARC details
000 -LEADER
fixed length control field 00848nam a2200241 a 4500
001 - CONTROL NUMBER
control field 74262
003 - CONTROL NUMBER IDENTIFIER
rucl marc code BD-RjUL
005 - DATE AND TIME OF LATEST TRANSACTION
control field 20211209082527.0
008 - FIXED-LENGTH DATA ELEMENTS--GENERAL INFORMATION
fixed length control field 180422s2017 bg a|||| b||| 000 0cben d
020 ## - INTERNATIONAL STANDARD BOOK NUMBER
International Standard Book Number 9789848798089
Terms of availability Tk.575.00
035 ## - SYSTEM CONTROL NUMBER
System control number (BD-RjUL)74480
040 ## - CATALOGING SOURCE
Original cataloging agency BD-RjUL
Language of cataloging eng
Transcribing agency BD-RjUL
041 ## - LANGUAGE CODE
Language code of text/sound track or separate title ben
082 ## - DEWEY DECIMAL CLASSIFICATION NUMBER
Edition number 23
Classification number 370.922
Author mark and year MUA 2017
100 1# - MAIN ENTRY--PERSONAL NAME
Personal name মুরশিদ, গোলাম
9 (RLIN) 221219
245 10 - TITLE STATEMENT
Title আলো্কিত মুখচ্ছবি /
Statement of responsibility, etc. গোলাম মুরশিদ,
260 ## - PUBLICATION, DISTRIBUTION, ETC. (IMPRINT)
Place of publication, distribution, etc. ঢাকা :
Name of publisher, distributor, etc. অবসর ,
Date of publication, distribution, etc. ২০১৭
300 ## - PHYSICAL DESCRIPTION
Pagination ২৮৭ পৃ. :
Illustrations ছবি ;
Size ২২ সেমি.
504 ## - BIBLIOGRAPHY, ETC. NOTE
Bibliography, etc গ্রন্থপঞ্জি সংযোজিত
650 ## - SUBJECT ADDED ENTRY--TOPICAL TERM
Topical term or geographic name as entry element শিক্ষাবিদ
Form subdivision জীবনী
9 (RLIN) 221220
Topical term or geographic name as entry element Educators
Form subdivision Biography
9 (RLIN) 221221
942 ## - ADDED ENTRY ELEMENTS (KOHA)
Source of classification or shelving scheme Dewey Decimal Classification
Koha item type Books
Holdings
Lost status Source of classification or shelving scheme Damaged status Not for loan Collection code Permanent Location Current Location Shelving location Date acquired Source of acquisition Cost, normal purchase price Total Checkouts Full call number Date last seen Copy number Koha item type Date checked out
  Dewey Decimal Classification   Not For Loan Non-fiction Central Library, University of Rajshahi Central Library, University of Rajshahi Reading Room 22/03/2017 Rajshahi News Home 575.00   B 370.922 MUA 2017 22/04/2018 C-1 Books  
  Dewey Decimal Classification     Non-fiction Central Library, University of Rajshahi Central Library, University of Rajshahi   22/03/2017 Rajshahi News Home 575.00 1 B 370.922 MUA 2017 15/09/2024 C-2 Books 08/09/2024
  Dewey Decimal Classification     Non-fiction Central Library, University of Rajshahi Central Library, University of Rajshahi   22/03/2017 Rajshahi News Home 575.00   B 370.922 MUA 2017 22/04/2018 C-3 Books